| 000 | 00678nam a2200217 i 4500 | ||
|---|---|---|---|
| 001 | 20586 | ||
| 003 | ES-MaACL | ||
| 005 | 20230906152329.0 | ||
| 007 | t| | ||
| 008 | 021114s1973 sp ||||1| spa d | ||
| 100 | 1 |
_aAceves, Joseph. _918251 |
|
| 245 | 1 | 0 |
_aCambio social en un pueblo de España / _cJoseph Aceves ; [traducción de Juan Trigo Lizarriturri]. |
| 250 | _a[1ª ed.]. | ||
| 260 |
_aBarcelona : _bBarral, _c1973. |
||
| 300 |
_a202 p. ; _c20 cm. |
||
| 490 | 1 |
_aConocimiento de España ; _v63 |
|
| 700 | 1 |
_aTrigo Lizarriturri, Juan. _9111414 |
|
| 830 | 0 |
_aConocimiento de España ; _v63 _9184532 |
|
| 852 |
_aES-MaACL _jC-49301 _bR.84910 |
||
| 999 |
_c20586 _d20586 |
||